Catalog

Record Details

Catalog Search



Individualizace v mateřské škole  Cover Image Book Book

Individualizace v mateřské škole / Věra Krejčová, Jana Kargerová, Zora Syslová

Record details

  • ISBN: 978-80-262-0812-9
  • Physical Description: 182 stran : ilustrace ; 23 cm
  • Edition: Vydání první
  • Publisher: Praha : Portál, 2015

Content descriptions

Bibliography, etc. Note:
Obsahuje bibliografie a bibliografické odkazy
Subject: mateřské školy
předškolní výchova
individualizovaná výuka
kurikulum
vzdělávací programy
pedagogická diagnostika
vývoj dítěte
kindergartens
preschool education
individualized education
curriculum
educational programs
educational diagnostics
child development
Genre: kolektivní monografie
collective monographs

Available copies

  • 2 of 2 copies available at Common Catalog SPOK.

Holds

  • 0 current holds with 2 total copies.
Show Only Available Copies
Location Call Number / Copy Notes Barcode Shelving Location Status Due Date
Jabok Library Ped-3.5.1/K 424480036810 Odborná literatura Available -
Varianty Cho Kr 4605400470 Šafaříkova 17 - 5. patro, chodba Available -

LDR 02106nam a2200601 i 4500
00123419
003CZ-PrJAB
00520190309095035.0
007ta
008150505s2015 xr a e 000 0 cze
015 . ‡acnb002698558
020 . ‡a978-80-262-0812-9 ‡q(brožováno)
035 . ‡a(CZ PrNK)nkc20152698558
035 . ‡a(OCoLC)918010708
040 . ‡aABA001 ‡bcze ‡dOLA001 ‡erda
072 7. ‡a373.2/.3 ‡xPředškolní a primární výchova a vzdělávání ‡2Konspekt ‡922
080 . ‡a373.24 ‡2MRF
080 . ‡a373.2 ‡2MRF
080 . ‡a371.135 ‡2MRF
080 . ‡a371.2 ‡2MRF
080 . ‡a371.214 ‡2MRF
080 . ‡a37.013.77 ‡2MRF
080 . ‡a159.922.72 ‡2MRF
080 . ‡a(048.8:082) ‡2MRF
1001 . ‡aKrejčová, Věra ‡7xx0011250 ‡4aut
24510. ‡aIndividualizace v mateřské škole / ‡cVěra Krejčová, Jana Kargerová, Zora Syslová
250 . ‡aVydání první
264 1. ‡aPraha : ‡bPortál, ‡c2015
300 . ‡a182 stran : ‡bilustrace ; ‡c23 cm
336 . ‡atext ‡btxt ‡2rdacontent
337 . ‡abez média ‡bn ‡2rdamedia
338 . ‡asvazek ‡bnc ‡2rdacarrier
504 . ‡aObsahuje bibliografie a bibliografické odkazy
65007. ‡amateřské školy ‡7ph122683 ‡2czenas
65007. ‡apředškolní výchova ‡7ph124887 ‡2czenas
65007. ‡aindividualizovaná výuka ‡7ph414725 ‡2czenas
65007. ‡akurikulum ‡7ph115039 ‡2czenas
65007. ‡avzdělávací programy ‡7ph127309 ‡2czenas
65007. ‡apedagogická diagnostika ‡7ph115700 ‡2czenas
65007. ‡avývoj dítěte ‡7ph127471 ‡2czenas
65009. ‡akindergartens ‡2eczenas
65009. ‡apreschool education ‡2eczenas
65009. ‡aindividualized education ‡2eczenas
65009. ‡acurriculum ‡2eczenas
65009. ‡aeducational programs ‡2eczenas
65009. ‡aeducational diagnostics ‡2eczenas
65009. ‡achild development ‡2eczenas
655 7. ‡akolektivní monografie ‡7fd501537 ‡2czenas
655 9. ‡acollective monographs ‡2eczenas
7001 . ‡aKargerová, Jana ‡7xx0011249 ‡4aut
7001 . ‡aSyslová, Zora, ‡d1964- ‡7mub2011645863 ‡4aut
910 . ‡aABG312
910 . ‡aABH006
901 . ‡a23419 ‡b ‡c23419 ‡tbiblio

Additional Resources